| 000 | 00684nam a22002172 4500 | ||
|---|---|---|---|
| 001 | 0000003950 | ||
| 005 | 20151021151102.0 | ||
| 008 | 070517s xx 000 0 eng d | ||
| 020 |
_a8122306144 : _cKES 600 |
||
| 040 |
_aKABU _cKABU |
||
| 050 | 0 |
_aQA76 _b.J35 2001 |
|
| 100 | 1 |
_aJain, V. K. _@0000159316 |
|
| 245 | 1 | 0 |
_aComputer for beginners (according to C.B.S.E. and I.C.S.E. syllabus) / _cV. K. Jain. |
| 260 |
_aDelhi : _bPustak Mahal, _c2001. |
||
| 300 | _a210 p. | ||
| 650 | 0 |
_aComputers. _@0000153924 |
|
| 908 | _a070517 | ||
| 950 | _@1 | ||
| 999 |
_c509 _d509 |
||